| 000 | 01296cam a22003857a 4500 | ||
|---|---|---|---|
| 003 | CHAP | ||
| 005 | 20220817041738.0 | ||
| 008 | 971013s1994 r 00010 d | ||
| 010 | _a23153 | ||
| 011 | _a24125 | ||
| 035 | _a28224 | ||
| 040 | _cCHAP | ||
| 090 | _aFolleto 14414 | ||
| 100 | 0 | 0 |
_aTorres Barrientos, B. Indalecio. _9114045 |
| 245 | 0 | _aIntegración de empresas ganaderas en el sur de Veracruz | |
| 260 |
_aMéxico, D.F. : _bFideicomisos Instituidos en Relación con la Agricultura, _c1994 |
||
| 300 | _app. 1-21 | ||
| 410 | _aFIRA | ||
| 490 | 0 |
_aBoletin informativo _v; XXVII (261) |
|
| 501 | _aEnc. con otro impreso similar | ||
| 590 |
_aBATCH-UPD _b10 _c20130110 _lUCH01 _h1315 |
||
| 590 |
_aBATCH-UPD _b10 _c20130410 _lUCH01 _h0827 |
||
| 590 |
_aBATCH-UPD _b10 _c20130914 _lUCH01 _h0453 |
||
| 590 |
_aCONVERSION _b10 _c20130109 _lUCH01 _h1314 |
||
| 650 | 1 | 4 |
_aAvicultura _zVeracruz. _98755 |
| 650 | 1 | 4 |
_aGanadería _zVeracruz. _944870 |
| 650 | 1 | 4 |
_aGanado porcino _xVeracruz. _945416 |
| 650 | 1 | 4 |
_aGanado vacuno _zVeracruz. _945534 |
| 810 |
_aFIRA _941029 |
||
| 830 | 0 |
_aBoletin informativo _v; XXVII (261) |
|
| 901 | _aBK | ||
| 942 | _cFOLL | ||
| 949 |
_aFolleto 14414 _bBC _cFOLL _d-65071 _eTS1 _i28224 _mD _si |
||
| 949 |
_aFolleto 14414 _bBC _cFOLL _d-65072 _eTS2 _fc.2 _i28224 _mD _si |
||
| 999 |
_c23153 _d23153 |
||